Statistics for One Piece Characters

Click here to take the quiz!

General Stats

  • This quiz has been taken 2,583 times
  • The average score is 24 of 39

Answer Stats

HintAnswer% Correct
Pink haired boy who meets Luffy in the first episodeCoby
96%
Skeleton who plays the violinBrook
93%
Leader of the Straw HatsMonkey D. Luffy
93%
Can read the poneglyphsNico Robin
93%
Grandfather of ^Monkey D. Garp
92%
Perverted chef with strong legsSanji
92%
Spineless sniper of the Straw HatsUsopp
92%
Not good with directionsZoro
92%
Son of the ^Monkey D. Dragon
91%
Uses the clima tactNami
90%
Pirate EmpressBoa Hancock
81%
Son of the pirate king and brother of ^ and LuffyPortgas D. Ace
75%
Son of MorganHelmeppo
73%
Nobles' son, brother of LuffySabo
73%
Father of ^Gol D. Roger
72%
Former member of the Shichibukai, sand manCrocodile
69%
Shichibukai member turned robotBartholomew Kuma
64%
User of the string-string fruit, know as the heavenly demonDonquixote Doflamingo
63%
Can turn people into toys with one touchSugar
63%
Pirate who captured AceEdward D. Teach
62%
User of the Op-Op fruitTrafalgar Law
60%
Changes their body parts into weaponsBaby 5
59%
Former member of the Shichibukai, mermanJinbe
58%
Most of his body is metal, came from Water 7Cyborg Franky
56%
Former member of the Navy AdmiralsKuzan
50%
Deceased leader of the Whitebeard piratesEdward D. Newgate
49%
Navy Admiral, user of the pika pika fruitBorsalino
47%
Current fleet admiral of the marines, member of the Navy AdmiralsSakazuki
47%
One of the four emperors, has red hairRed-Haired Shanks
46%
Merman that placed a tax on the lives of the villagers in Nami's townArlong
42%
One of the four emperors, biggest client for SADKaido of the beasts
41%
Giant mermaid with the ability to talk to the Great Sea KingsShirahoshi
39%
Defeated by Law on Punk HazardVergo
38%
User of the gas gas fruitCaesar Clown
35%
Strongest swordsman in the worldHawkeyes Mihawk
35%
No. 1 scientist of the marinesVegapunk
32%
One of the four emperors, loves sweetsCharlotte Linlin
26%
Killed by the user of the Gas Gas fruitMonet
24%
User of the Sube Sube fruitAlvida
17%

Score Distribution

Percentile by Number Answered

Percent of People with Each Score

Your Score History

You have not taken this quiz